000 00963nam a22002897a 4500
001 BR8902019
003 BR-BrBNA
005 20230928093212.0
007 ta
008 230509b bl.||||| |||| 00| 0 por d
040 _aBR-BrBNA
_bpor
_cBiblioteca Nacional de Agricultura
041 _a(Por)
072 _aH20
_b3290
_b4120
_b3530
090 _ 3290 BR8902019
100 1 _aDemuner, N.L.
110 1 _aUniversidade Federal de Vicosa, MG (Brasil)
_0Tese (Magister Scientiae)
245 1 _aControle quimico da ferrugem (Prosprodium bicolor)em mudas de Ipe-amarelo (Tabebuia serratifolia)
260 3 _aVicosa, MG (Brasil):
_c1988.
300 _a60 p.
500 _a13 illus.; 18 tables; 28 ref.; Summaries (Eng, Por). (*) Documento disponível na(o) Universidade Federal de Vicosa, MG (Brazil)
650 _aIPE AMARELO
650 _aFERRUGEM
650 _aCONTROLE QUIMICO
650 _aMUDA
909 _a202309
_bLucia
_c55
_dLucia Elande
942 _cBK
999 _c43597
_d43597